Manufacturing : (Record no. 149382)

MARC details
000 -LEADER
fixed length control field 00807nam a2200277 a 4500
008 - FIXED-LENGTH DATA ELEMENTS--GENERAL INFORMATION
fixed length control field
020 ## - INTERNATIONAL STANDARD BOOK NUMBER
International Standard Book Number 0026757303 (hbk.)
049 ## - LOCAL HOLDINGS (OCLC)
Holding library MAIN
090 ## - LOCALLY ASSIGNED LC-TYPE CALL NUMBER (OCLC); LOCAL CALL NUMBER (RLIN)
Classification number (OCLC) (R) ; Classification number, CALL (RLIN) (NR) TS145
003 - CONTROL NUMBER IDENTIFIER
control field
005 - DATE AND TIME OF LATEST TRANSACTION
control field 20230123133501.0
040 ## - CATALOGING SOURCE
Transcribing agency NUST
245 #0 - TITLE STATEMENT
Title Manufacturing :
Remainder of title a basic text /
Statement of responsibility, etc. James Fales ...[et. al.].
250 ## - EDITION STATEMENT
Edition statement 2nd ed.
260 ## - PUBLICATION, DISTRIBUTION, ETC.
Place of publication, distribution, etc. Lake Forest, Illinois. :
Name of publisher, distributor, etc. MacMillan/McGraw-Hill,
Date of publication, distribution, etc. 1986.
300 ## - PHYSICAL DESCRIPTION
Extent x, 468 p. :
Other physical details ill. (some col.) ;
Dimensions 26 cm.
500 ## - GENERAL NOTE
General note Includes index.
650 ## - SUBJECT ADDED ENTRY--TOPICAL TERM
Topical term or geographic name entry element Manufacturing industries.
650 ## - SUBJECT ADDED ENTRY--TOPICAL TERM
Topical term or geographic name entry element Manufacturing processes.
700 ## - ADDED ENTRY--PERSONAL NAME
Personal name Dinan, John F.
700 ## - ADDED ENTRY--PERSONAL NAME
Personal name Mervich, Gregg J.
700 ## - ADDED ENTRY--PERSONAL NAME
Personal name Sheets, Everett G.
700 ## - ADDED ENTRY--PERSONAL NAME
Personal name Fales, James.
907 ## - LOCAL DATA ELEMENT G, LDG (RLIN)
a .b10093667
b 23-01-07
c 20-11-03
942 ## - ADDED ENTRY ELEMENTS (KOHA)
Koha item type Ordinary Loan Books
Call number prefix TS145
Holdings
Date last seen Total Checkouts Full call number Barcode Cost, replacement price Price effective from Koha item type Lost status Source of classification or shelving scheme Damaged status Not for loan Collection Withdrawn status Home library Current library Shelving location Date acquired Cost, normal purchase price
01/23/2023 19 TS145 MAN 92003020890 80.00 01/23/2023 BOOKS   LCC     NFIC   MAIN MAIN GEN 01/23/2023 80.00